Países que mais comem carne de porco - Statistics

Estatísticas Gerais
  • Esse quiz foi jogado 77 vezes
  • A pontuação média é 10 de 20
Estatísticas das Respostas
Kg Continente País % Correto
44,3 Europa Alemanha
89%
51,9 Europa Espanha
89%
35,7 Ásia China
82%
37,7 Europa Portugal
77%
54,1 Europa Polônia
74%
44,3 Europa Sérvia
59%
38,9 Europa Eslováquia
56%
49,7 Europa Croácia
55%
45,3 Europa República Checa
52%
45,5 Europa Áustria
50%
47,9 Europa Hungria
50%
38,4 Europa Belarus
42%
38,0 Ásia Coreia do Sul
42%
48,3 Europa Lituânia
42%
37,7 Europa Estônia
41%
38,2 Europa Letônia
39%
43,2 Europa Montenegro
38%
38,3 Ásia Taiwan
14%
38,5 Ásia Vietnã
14%
35,9 Ásia Chipre
5%
Nenhum quiz correspondente encontrado
Distribuição das Pontuações
Porcentagem de Pessoas com Cada Pontuação
Percentil de Números Respondidos
Sua Pontuação Histórica
Você não jogou esse quiz